Zgadnij pro w fortnite - Statystyki

Ogólne statystyki
  • Ten quiz został rozwiązany 323 razy
  • Średni wynik to 14 z 58
Statystyki odpowiedzi
Hint Odpowiedź % Poprawnych
TCE kami
88%
Spectrum setty
88%
Rysix kubx
73%
ON FIRE RED teeq
68%
dMIND rakso
58%
dMIND artor
54%
300 Spartans packo
48%
Monaco pkr
47%
WAVE advise
45%
Destroy qln
39%
AGO jarkos
38%
SKY TuNa
38%
Xypher kefyy
36%
AGO czajnik
35%
Impave Mikson
33%
Onyx blacha
32%
DV1 luki
31%
Luminox Planet japko
30%
Onyx krejz
29%
dMIND crusti
27%
Luminox Planet mlody
27%
Fixture PL purchawa
26%
dMIND -> valorant zeek
25%
Impave kombek
23%
Lootboy rellvis
23%
OTW j4chu
22%
Xypher dandir
21%
PSQ devon
21%
Prostage kazama
19%
Infinity Niivzy
19%
Kinguin Orange taiovsky
19%
Alsen icefire
18%
Kinguin Orange hycel
16%
300 Spartans rejek
16%
ALOFT cisu
14%
Kinguin Black hoopek
14%
dMIND snoozlooz
13%
Team Panica kicus
12%
NoMercy raxi
12%
DV1 better
11%
DV1 kacpixon
10%
Valify pixel
10%
NedGG synxx
10%
Vertex murlok
9%
PSQ 2eh
8%
PSQ paxxyen
8%
dMIND richart
8%
DV1 tombik
8%
Madness gibon
7%
Invizy Esport mocarzz
7%
izako boars dju
5%
NoMercy giziu
5%
Lootboy jojooo
5%
Factory pixovsky
5%
EvoZa toox
5%
Team Panica nemo
4%
Ovation 🇩🇪 juliancom
3%
300 Spartans moneey
2%
Nie znaleziono quizów pasujących do podanych kryteriów
Rozkład punktacji
Procent ludzi z każdym wynikiem
Percentyl według liczby udzielonych odpowiedzi
Twoja historia wyników
Nie rozwiązałeś tego quizu